[Event "Tenerife-chT Preferente"]
[Site "Tenerife"]
[Date "2023.03.25"]
[Round "9.1"]
[White "Oudeh Mishmesh, Omar"]
[Black "Meneses Gonzalez, Kevin Moises"]
[Result "1/2-1/2"]
[WhiteElo "2192"]
[BlackElo "2263"]
[PlyCount "83"]
[EventDate "2023.01.14"]
[EventType "team-tourn"]
[EventRounds "14"]
[EventCountry "ESP"]
[SourceTitle "EXT 2024"]
[Source "ChessBase"]
[SourceDate "2023.10.10"]
[SourceVersion "1"]
[SourceVersionDate "2023.10.10"]
[SourceQuality "1"]
[WhiteTeam "Al Shah Mat Los Realejos"]
[BlackTeam "Ebano Barrio Nuevo"]
[WhiteTeamCountry "ESP"]
[BlackTeamCountry "ESP"]

1. c4 e5 2. Nc3 Nc6 3. g3 f5 4. Bg2 Nf6 5. Nf3 Bb4 6. Nd5 a5 7. 0-0 0-0 8. a3 Be7 9. b3 e4 10. Nxe7+ Qxe7 11. Ne1 d5 12. cxd5 Nxd5 13. Bb2 f4 14. d3 Bf5 15. Qc2 Rae8 16. Qc4 Qe6 17. dxe4 Bxe4 18. Nf3 h6 19. Rad1 Nb6 20. Qc3 Re7 21. Rfe1 Bd5 22. Nd2 Bxg2 23. Kxg2 Rf5 24. e4 Rf8 25. f3 Nd7 26. Nc4 b5 27. Nxa5 Nxa5 28. Qxa5 Qxb3 29. Qb4 Qxb4 30. axb4 Nb6 31. Bd4 Ref7 32. Bxb6 cxb6 33. gxf4 Rxf4 34. Re3 R8f6 35. Kg3 g5 36. Rd5 Kg7 37. Rxb5 Kg6 38. e5 Re6 39. Rd3 Kf5 40. Rd6 g4 41. fxg4+ Rxg4+ 42. Kh3 1/2-1/2

[Event "Tenerife-chT Preferente"]
[Site "Tenerife"]
[Date "2023.03.11"]
[Round "7.1"]
[White "Martin Luis, Cesar"]
[Black "Meneses Gonzalez, Kevin Moises"]
[Result "0-1"]
[WhiteElo "2027"]
[BlackElo "2263"]
[PlyCount "110"]
[EventDate "2023.01.14"]
[EventType "team-tourn"]
[EventRounds "14"]
[EventCountry "ESP"]
[SourceTitle "EXT 2024"]
[Source "ChessBase"]
[SourceDate "2023.10.10"]
[SourceVersion "1"]
[SourceVersionDate "2023.10.10"]
[SourceQuality "1"]
[WhiteTeam "Rey Ahogado"]
[BlackTeam "Ebano Barrio Nuevo"]
[WhiteTeamCountry "ESP"]
[BlackTeamCountry "ESP"]

1. d4 Nf6 2. c4 g6 3. Nc3 Bg7 4. Nf3 0-0 5. e4 d6 6. Be2 e5 7. Be3 c6 8. 0-0 exd4 9. Nxd4 Re8 10. Bf3 Nbd7 11. Re1 Ne5 12. Be2 Nfg4 13. Bf4 Qf6 14. Qc1 Nd3 15. Bxd3 Qxd4 16. Qc2 Nxf2 17. Qxf2 Qxd3 18. Rad1 Qxc4 19. Bxd6 Bg4 20. Rd2 Rad8 21. e5 Bf5 22. h3 h5 23. Kh1 f6 24. exf6 Bxf6 25. Bc7 Rxe1+ 26. Qxe1 Rxd2 27. Qxd2 b5 28. a3 Bd4 29. Ne2 Bf6 30. Bd8 Be5 31. Bg5 Qd3 32. Qxd3 Bxd3 33. Nc3 Kf7 34. Be3 a5 35. Bc5 Ke6 36. Kg1 Bd6 37. Bxd6 Kxd6 38. Kf2 b4 39. axb4 axb4 40. Nd1 Ke5 41. Ke3 Bc2 42. Nf2 h4 43. Ng4+ Kd5 44. Nf2 c5 45. Ng4 Bf5 46. Nf6+ Kc4 47. Kd2 Kd4 48. Nh7 Be4 49. Nf8 Bf5 50. Nh7 Kc4 51. Ng5 Kb3 52. Kc1 c4 53. Nf3 Ka2 54. Nxh4 c3 55. b3 Be4 0-1

[Event "Tenerife-chT Preferente"]
[Site "Tenerife"]
[Date "2023.01.21"]
[Round "2.2"]
[White "Molina Rodriguez, Borja"]
[Black "Meneses Gonzalez, Kevin Moises"]
[Result "0-1"]
[WhiteElo "2132"]
[BlackElo "2263"]
[PlyCount "103"]
[EventDate "2023.01.14"]
[EventType "team-tourn"]
[EventRounds "14"]
[EventCountry "ESP"]
[SourceTitle "EXT 2024"]
[Source "ChessBase"]
[SourceDate "2023.10.10"]
[SourceVersion "1"]
[SourceVersionDate "2023.10.10"]
[SourceQuality "1"]
[WhiteTeam "Al Shah Mat Los Realejos"]
[BlackTeam "Ebano Barrio Nuevo"]
[WhiteTeamCountry "ESP"]
[BlackTeamCountry "ESP"]

1. e4 c5 2. Nf3 d6 3. d4 cxd4 4. Nxd4 Nf6 5. Nc3 Nc6 6. Bg5 e6 7. Qd2 a6 8. 0-0-0 Bd7 9. f3 b5 10. Kb1 Be7 11. Bxf6 gxf6 12. f4 Qb6 13. f5 b4 14. Nce2 e5 15. Nxc6 Bxc6 16. Ng3 Qc5 17. Be2 a5 18. Bf3 a4 19. Rhe1 a3 20. b3 Rc8 21. Be2 h5 22. Bc4 Bf8 23. Qe3 Qxe3 24. Rxe3 h4 25. Nf1 Bh6 26. Re2 Ke7 27. Ne3 Bxe3 28. Rxe3 Rhg8 29. Re2 Rg4 30. Bd5 Bxd5 31. Rxd5 Rcg8 32. Rdd2 Rf4 33. Kc1 Rgg4 34. h3 Rf1+ 35. Rd1 Rgf4 36. Kd2 d5 37. Rxf1 Rxf1 38. exd5 Kd6 39. Re4 Kxd5 40. Rxb4 Rxf5 41. Ke2 Rg5 42. Rg4 Rh5 43. Ra4 Rg5 44. Rg4 Rh5 45. b4 e4 46. Ke3 f5 47. Rg7 Kc4 48. b5 Kxb5 49. Kd4 Kc6 50. Rxf7 Rg5 51. Rf6+ Kd7 52. Ke5 0-1

[Event "Titled Tuesday intern op 06th Sep Early"]
[Site "Chess.com INT"]
[Date "2022.09.06"]
[Round "5"]
[White "Meneses Gonzalez, Kevin Moises"]
[Black "Fiorito, Francisco"]
[Result "0-1"]
[WhiteElo "2287"]
[BlackElo "2291"]
[PlyCount "110"]
[EventDate "2022.09.06"]
[EventType "swiss (blitz)"]
[EventRounds "11"]
[EventCountry "USA"]
[SourceTitle "EXT 2023"]
[Source "ChessBase"]
[SourceDate "2022.10.05"]
[SourceVersion "1"]
[SourceVersionDate "2022.10.05"]
[SourceQuality "1"]

1. d4 d5 2. Nf3 Nf6 3. Bf4 c6 4. e3 g6 5. c4 Bg7 6. Nc3 0-0 7. Be2 dxc4 8. Bxc4 b5 9. Bd3 Bb7 10. 0-0 Nbd7 11. a3 Qb6 12. b4 Nh5 13. Bg5 e5 14. dxe5 Nxe5 15. Nxe5 Bxe5 16. Qc2 Rfc8 17. Ne4 a5 18. g4 Ng7 19. Nf6+ Bxf6 20. Bxf6 Ne6 21. Bb2 Rf8 22. Be4 axb4 23. axb4 Rac8 24. Rac1 c5 25. Bxb7 Qxb7 26. bxc5 Rxc5 27. Qe2 Rfc8 28. Rxc5 Rxc5 29. f4 Qe4 30. f5 gxf5 31. gxf5 Rxf5 32. Rxf5 Qxf5 33. Qg2+ Qg6 34. Kf2 Qxg2+ 35. Kxg2 Kf8 36. Kf3 f5 37. Ke2 Kf7 38. Kd3 Ke7 39. e4 Nc5+ 40. Kd4 Nxe4 41. Ke5 Nd2 42. Kxf5 Nc4 43. Bc3 Kd6 44. Kg5 Ne3 45. h3 Ke6 46. Kf4 Nd5+ 47. Kg5 Nxc3 48. Kh6 b4 49. Kxh7 b3 50. Kg8 b2 51. h4 b1Q 52. h5 Ne4 53. h6 Nf6+ 54. Kg7 Qh7+ 55. Kf8 Qf7# 0-1

[Event "ESP-chT CECLUB Div2"]
[Site "Linares"]
[Date "2022.08.26"]
[Round "6.5"]
[White "Khamrakulov, Ibragim S"]
[Black "Meneses Gonzalez, Kevin Moises"]
[Result "1-0"]
[WhiteElo "2420"]
[BlackElo "2290"]
[PlyCount "61"]
[EventDate "2022.08.22"]
[EventType "team-swiss"]
[EventRounds "7"]
[EventCountry "ESP"]
[SourceTitle "CBM 209 Extra"]
[Source "ChessBase"]
[SourceDate "2022.09.30"]
[SourceVersion "1"]
[SourceVersionDate "2022.09.30"]
[SourceQuality "1"]
[WhiteTeam "Villalba 64 Miscasa"]
[BlackTeam "Ebano Barrio Nuevo"]
[WhiteTeamCountry "ESP"]
[BlackTeamCountry "ESP"]

1. e4 c5 2. c3 Nf6 3. e5 Nd5 4. Bc4 Nb6 5. Bb3 c4 6. Bc2 Nc6 7. Nf3 d6 8. exd6 Qxd6 9. 0-0 Bg4 10. Re1 e6 11. b3 cxb3 12. axb3 Be7 13. d4 Nd5 14. Bb2 0-0 15. Nbd2 Rac8 16. Ne4 Qf4 17. Qd3 Bxf3 18. Nd6 g6 19. Nxc8 Rxc8 20. Qxf3 Qxf3 21. gxf3 Nxd4 22. Be4 Nxc3 23. Rxa7 Nxe4 24. Bxd4 Nd2 25. Re3 e5 26. Bb6 Bg5 27. Rd3 Rc1+ 28. Kg2 Rb1 29. Bd8 e4 30. Bxg5 exd3 31. Bf6 1-0

[Event "Canarias-ch"]
[Site "Brena Baja"]
[Date "2022.06.03"]
[Round "5"]
[White "Meneses Gonzalez, Kevin Moises"]
[Black "Bressac, Stephane"]
[Result "1-0"]
[WhiteElo "2245"]
[BlackElo "2301"]
[PlyCount "69"]
[EventDate "2022.06.01"]
[EventType "swiss"]
[EventRounds "6"]
[EventCountry "ESP"]
[SourceTitle "CBM 208 Extra"]
[Source "ChessBase"]
[SourceDate "2022.07.31"]
[SourceVersion "1"]
[SourceVersionDate "2022.07.31"]
[SourceQuality "1"]

1. Nf3 Nf6 2. g3 g6 3. Bg2 Bg7 4. 0-0 0-0 5. d3 d6 6. e4 c5 7. Nbd2 Nc6 8. c3 h6 9. Re1 e5 10. a3 Be6 11. b4 a6 12. Bb2 Nh7 13. Nf1 f5 14. exf5 gxf5 15. bxc5 d5 16. Nxe5 Nxe5 17. f4 Qc7 18. fxe5 Qxc5+ 19. d4 Qb5 20. Bc1 Qc6 21. Bd2 Ng5 22. Bxg5 hxg5 23. Rc1 b5 24. Qh5 f4 25. Nd2 g4 26. gxf4 Rxf4 27. Nb3 Raf8 28. Nc5 g3 29. hxg3 Rf2 30. Qh1 Bh6 31. Nxe6 Rxg2+ 32. Qxg2 Qxe6 33. Rc2 Qg4 34. Rf2 Rc8 35. e6 1-0

[Event "Tenerife-chT Preferente"]
[Site "Tenerife"]
[Date "2022.05.21"]
[Round "13.2"]
[White "Meneses Gonzalez, Kevin Moises"]
[Black "Machado Quintero, Gabriel"]
[Result "1-0"]
[WhiteElo "2223"]
[BlackElo "1520"]
[PlyCount "39"]
[EventDate "2022.01.29"]
[EventType "team-tourn"]
[EventRounds "14"]
[EventCountry "ESP"]
[SourceTitle "EXT 2024"]
[Source "ChessBase"]
[SourceDate "2023.10.10"]
[SourceVersion "1"]
[SourceVersionDate "2023.10.10"]
[SourceQuality "1"]
[WhiteTeam "Ebano Barrio Nuevo"]
[BlackTeam "Piratas La Orotava"]
[WhiteTeamCountry "ESP"]
[BlackTeamCountry "ESP"]

1. Nf3 Nf6 2. g3 d5 3. Bg2 c5 4. 0-0 Bf5 5. d4 e6 6. c4 Nc6 7. cxd5 Nxd5 8. Nc3 Nxc3 9. bxc3 cxd4 10. Nxd4 Nxd4 11. cxd4 Qb6 12. Qa4+ Kd8 13. e4 Bg6 14. Bd2 Qc6 15. Qa5+ b6 16. Qa6 Qd7 17. Rac1 Rb8 18. Bf4 Rb7 19. Rfd1 Bh5 20. Rd2 1-0